Comparison of irrigation system on tomato yields in crop station at royal university of agriculture ការប្រៀបធៀបប្រព័ន្ធស្រោចស្រពទៅលើទិន្នផលប៉េងប៉ោះក្នុងស្ថានីួ៍ពិសោធន៍ដំណាំ នៃសាកលវិទ្យាល័យភូមិន្ធកសិកម្ម. (Record no. 1247)

000 -LEADER
fixed length control field 00758nam a22001337a 4500
040 ## - CATALOGING SOURCE
Transcribing agency RUA
082 ## - DEWEY DECIMAL CLASSIFICATION NUMBER
Classification number AGR SAO 2013 BO55 Or.1
100 ## - MAIN ENTRY--AUTHOR NAME
Personal name SAO, KIM MEAT
245 ## - TITLE STATEMENT
Title Comparison of irrigation system on tomato yields in crop station at royal university of agriculture ការប្រៀបធៀបប្រព័ន្ធស្រោចស្រពទៅលើទិន្នផលប៉េងប៉ោះក្នុងស្ថានីួ៍ពិសោធន៍ដំណាំ នៃសាកលវិទ្យាល័យភូមិន្ធកសិកម្ម.
260 ## - PUBLICATION, DISTRIBUTION, ETC. (IMPRINT)
Place of publication phnom phen
Name of publisher RUA
Year of publication 2013
300 ## - PHYSICAL DESCRIPTION
Number of Pages X,41p.
Other physical details ill.
Dimensions 29cm.
856 ## - ELECTRONIC LOCATION AND ACCESS
Uniform Resource Identifier https://drive.google.com/file/d/1VWqr5OQH8zjxwvrl8SJTvwOAgs5o5t4O/view?usp=sharing
942 ## - ADDED ENTRY ELEMENTS (KOHA)
Koha item type AGR
952 ## - LOCATION AND ITEM INFORMATION (KOHA)
Withdrawn status [LOCAL, KOHA] 0
952 ## - LOCATION AND ITEM INFORMATION (KOHA)
Withdrawn status [LOCAL, KOHA] 0
952 ## - LOCATION AND ITEM INFORMATION (KOHA)
Withdrawn status [LOCAL, KOHA] 0
952 ## - LOCATION AND ITEM INFORMATION (KOHA)
Withdrawn status [LOCAL, KOHA] 0
952 ## - LOCATION AND ITEM INFORMATION (KOHA)
Withdrawn status [LOCAL, KOHA] 0
952 ## - LOCATION AND ITEM INFORMATION (KOHA)
Withdrawn status [LOCAL, KOHA] 0
952 ## - LOCATION AND ITEM INFORMATION (KOHA)
Withdrawn status [LOCAL, KOHA] 0
952 ## - LOCATION AND ITEM INFORMATION (KOHA)
Withdrawn status [LOCAL, KOHA] 0
952 ## - LOCATION AND ITEM INFORMATION (KOHA)
Withdrawn status [LOCAL, KOHA] 0
952 ## - LOCATION AND ITEM INFORMATION (KOHA)
Withdrawn status [LOCAL, KOHA] 0
Holdings
Permanent Location Date acquired Koha item type Lost status Shelving location Barcode Current Location Full call number
Library Block B2015-09-25AGR B055RUA006659Library Block BAGR SAO 2013 BO55 Or.1
Library Block B2015-09-25AGR B055RUA006730Library Block BAGR SAO 2013 BO55 Or.2
Library Block B2015-09-25AGR B055RUA006588Library Block BAGR SAO 2013 BO55 Or.3
Library Block B2015-09-25AGR B055RUA006873Library Block BAGR SAO 2013 BO55 Or.4
Library Block B2015-09-25AGR B055RUA006731Library Block BAGR SAO 2013 BO55 Or.5
Library Block B2015-09-25AGR B055RUA006502Library Block BAGR SAO 2013 BO55 Or.6
Library Block B2015-09-25AGR B055RUA006875Library Block BAGR SAO 2013 BO55 Or.7
Library Block B2015-09-28AGR B055RUA004926Library Block BAGR SAO 2013 BO55 Or.8
Library Block B2019-01-21AGR B1.210A41697Library Block BAGR SAO 2013 B1.210 Or.1
Library Block B2019-01-21AGR B1.210A41433Library Block BAGR SAO 2013 B1.210 Or.2
មជ្ឈមណ្ឌលឯការនៃសាកលវិទ្យាល័យភូមិន្ទកសិកម្មចំការដូង

Powered by Koha